000 00441nam a2200145Ia 4500
008 100204s9999 xx 000 0 und d
082 _b15732
100 _aबांदोडकर गौरी
245 _aरुपमयी
260 _b"बांदोडकर पब्लिशिंग हाऊस, गोवा"
_c1992
300 _a234
630 _aरुपमयी
730 _aरुपमयी
942 _cBOOK
999 _c460155
_d460152